30 meistgesprochene Sprachen (mit 2 Hinweisen) - Statistiken

Allgemein
  • Dieses Quiz wurde 5 mal gespielt
  • Das Durchschnittsergebnis liegt bei 13 aus 30
Antwortstatistiken
Rang Sprachfamilie Gesamtsprecher Sprache % Korrekt
1. Indogermanische Sprachen 1.453 Mio. Englisch
100%
5. Indogermanische Sprachen 274 Mio. Französisch
100%
4. Indogermanische Sprachen 559 Mio. Spanisch
100%
12. Indogermanische Sprachen 160 Mio. Deutsch
80%
3. Indogermanische Sprachen 610 Mio. Hindi
80%
6. Afroasiatische Sprachen 274 Mio. Hocharabisch
80%
13. Japanisch-Ryūkyū 125 Mio. Japanisch
80%
20. Austroasiatische Sprachen 86 Mio. Vietnamesisch
80%
11. Austronesische Sprachen 199 Mio. Indonesisch
60%
29. Indogermanische Sprachen 68 Mio. Italienisch
60%
9. Indogermanische Sprachen 258 Mio. Portugiesisch
60%
8. Indogermanische Sprachen 258 Mio. Russisch
60%
17. Turksprachen 88 Mio. Türkisch
60%
23. (isoliert) 82 Mio. Koreanisch
40%
27. Niger-Kongo-Sprachen 71 Mio. Swahili
40%
18. Dravidische Sprachen 86 Mio. Tamil
40%
26. Afroasiatische Sprachen 75 Mio. Ägyptisch-Arabisch
20%
7. Indogermanische Sprachen 273 Mio. Bengalisch
20%
24. Indogermanische Sprachen 77 Mio. Farsi
20%
25. Afroasiatische Sprachen 77 Mio. Hausa
20%
28. Austronesische Sprachen 68 Mio. Javanisch
20%
2. Sinotibetische Sprachen 1.118 Mio. Mandarin-Chinesisch
20%
15. Indogermanische Sprachen 99 Mio. Marathi
20%
14. Kreolsprache 121 Mio. Nigerianisches Pidgin
20%
16. Dravidische Sprachen 96 Mio. Telugu
20%
10. Indogermanische Sprachen 231 Mio. Urdu
20%
22. Sinotibetische Sprachen 82 Mio. Wu-Chinesisch
20%
19. Sinotibetische Sprachen 86 Mio. Kantonesisch
0%
21. Austronesische Sprachen 82 Mio. Tagalog
0%
30. Indogermanische Sprachen 66 Mio. Westpanjabi
0%
Keine übereinstimmenden Quizze gefunden
Verteilung der Resultate
Anzahl Personen mit jedem Resultat
Perzentil nach korrekt beantworteten Fragen
Ihre Resultats-Entwicklung
Sie haben dieses Quiz noch nicht gespielt